000 00877cam a2200277 4500
001 2195204
003 OSt
005 20230704144443.0
008 730302s1973 nyu bs 001 0 eng
010 _a 73004031
020 _a0471160601
040 _aDLC
_cDLC
_dDLC
043 _af-ug---
_ad------
082 0 0 _a364.9
_bCLI
100 1 _aClinard, Marshall B.,
_d1911-2010.
245 1 0 _aCrime in developing countries:
_ba comparative perspective
_c[by] Marshall B. Clinard and Daniel J. Abbott.
260 _aNew York,
_bWiley
_c[1973]
300 _axv, 319 p.
_c24 cm.
500 _a"A Wiley-Interscience publication."
504 _aIncludes bibliographical references.
650 0 _aCrime
_zDeveloping countries.
650 0 _aCrime
_zUganda.
700 1 _aAbbott, Daniel J.,
_ejoint author.
906 _a7
_bcbc
_corignew
_d1
_eocip
_f19
_gy-gencatlg
942 _2ddc
_cBK
999 _c3877
_d3877